[Event "9eme Open International de La Fere"]
[Site "La Fere (FRA)"]
[Date "2010.??.??"]
[Round "9.44"]
[White "Meuriot, Philippe"]
[Black "Jean, Robert"]
[Result "0-1"]
[WhiteElo "1561"]
[BlackElo "1832"]
[PlyCount "92"]
[EventDate "2010.??.??"]

1. e4 c5 2. Nf3 d6 3. d4 cxd4 4. Nxd4 Nf6 5. Nc3 a6 6. a4 Nc6 7. Be2 e6 8. Be3
Be7 9. O-O O-O 10. f4 Qc7 11. Nb3 b6 12. Qe1 Bb7 13. Rd1 Nb4 14. Bd3 Nxd3 15.
cxd3 Rac8 16. f5 Rfe8 17. Qg3 Kh8 18. Rc1 Qd8 19. Nd4 e5 20. Nf3 Nd7 21. d4 Bf6
22. d5 Nc5 23. Rcd1 Qe7 24. Qf2 Qd8 25. g4 g5 26. fxg6 fxg6 27. Bh6 Qe7 28. Nd2
Bg7 29. Qe3 Bxh6 30. Qxh6 Qg7 31. Qxg7+ Kxg7 32. Nc4 Rcd8 33. Nxb6 h6 34. Rf2
Re7 35. h4 Bc8 36. Nxc8 Rxc8 37. g5 hxg5 38. hxg5 Rb8 39. Rf6 Rd7 40. Rd2 Rb4
41. Re2 Nd3 42. Rh2 Rxb2 43. Rh6 Nf4 44. Rh2 Rb3 45. Ne2 Nh5 46. Re6 Re3 0-1

[Event "9eme Open International de La Fere"]
[Site "La Fere (FRA)"]
[Date "2010.??.??"]
[Round "9.46"]
[White "Bouguettouche, Didier"]
[Black "Chevance, Gerard"]
[Result "0-1"]
[WhiteElo "1380"]
[BlackElo "1677"]
[PlyCount "80"]
[EventDate "2010.??.??"]

1. e4 c5 2. Nc3 Nc6 3. Nf3 d6 4. Bc4 e6 5. d3 Nf6 6. O-O Be7 7. Bf4 O-O 8. d4
cxd4 9. Nxd4 e5 10. Nxc6 bxc6 11. Bg3 Bb7 12. Bh4 Qc7 13. f4 Rad8 14. fxe5 dxe5
15. Qe2 Ba8 16. Bxf6 Bxf6 17. Qg4 Qe7 18. Bd3 Kh8 19. Rf3 Rd6 20. Rh3 g6 21.
Rf1 Bg7 22. Qh4 Qxh4 23. Rxh4 Rf6 24. Rxf6 Bxf6 25. Rh3 Kg7 26. Kf2 Bb7 27. Bc4
Bc8 28. Rd3 Be7 29. Kf3 f5 30. exf5 gxf5 31. Kf2 Bc5+ 32. Ke2 e4 33. Rg3+ Kf6
34. Rh3 Kg7 35. Rg3+ Kh8 36. Nd1 f4 37. Rg5 Bb6 38. Kf1 Bf5 39. Ke2 h6 40. Nc3
hxg5 0-1

[Event "9eme Open International de La Fere"]
[Site "La Fere (FRA)"]
[Date "2010.??.??"]
[Round "9.47"]
[White "Van Foreest, Lucas"]
[Black "Calonne, Pascal"]
[Result "1-0"]
[WhiteElo "1641"]
[BlackElo "1559"]
[PlyCount "97"]
[EventDate "2010.??.??"]

1. e4 c5 2. Nf3 e6 3. d4 cxd4 4. Nxd4 a6 5. Be2 Qc7 6. O-O Nf6 7. Nc3 Nc6 8.
Be3 Be7 9. Qd2 O-O 10. Rfd1 Ne5 11. Bf4 d6 12. Bxe5 dxe5 13. Nb3 b5 14. Bd3 Bb7
15. Qe3 Ne8 16. Ne2 Nd6 17. Ng3 Nc4 18. Bxc4 bxc4 19. Nd2 Rfd8 20. c3 Rd3 21.
Qe2 Rad8 22. Nf3 Qd6 23. Rxd3 cxd3 24. Qd2 a5 25. Rd1 Ba6 26. Qc1 h6 27. Rd2
Rf8 28. Qe1 Qb8 29. Qe3 Rd8 30. Qe1 g5 31. Qd1 Kh7 32. h3 Kg6 33. Ne1 Qd6 34.
Qf3 Rf8 35. Nxd3 Rd8 36. Nf4+ exf4 37. Rxd6 Rxd6 38. e5 Rd5 39. Qe4+ Kg7 40.
Nf5+ Kf8 41. Nxh6 Bd3 42. Qf3 Bc5 43. Ng4 Bg6 44. Nf6 Rd8 45. Qc6 Be7 46. Qc7
Ra8 47. Nd7+ Kg7 48. Nb6 Rh8 49. Qxe7 1-0

[Event "9eme Open International de La Fere"]
[Site "La Fere (FRA)"]
[Date "2010.??.??"]
[Round "9.48"]
[White "Herman, Jose"]
[Black "Rouffignac, Marie"]
[Result "0-1"]
[WhiteElo "1640"]
[BlackElo "1537"]
[PlyCount "55"]
[EventDate "2010.??.??"]

1. d4 d5 2. c4 e6 3. Nc3 Be7 4. Nf3 Nf6 5. Bg5 O-O 6. e3 a6 7. Qc2 Nbd7 8. Bd3
dxc4 9. Bxc4 b5 10. Bd3 Bb7 11. Be2 Rc8 12. O-O c5 13. Qd1 Ne4 14. Nxe4 Bxe4
15. Bxe7 Qxe7 16. dxc5 Rxc5 17. Nd4 Nf6 18. Qe1 h5 19. Qb4 Qc7 20. f3 Bd5 21.
Rfe1 Rc8 22. e4 Bc4 23. Bxc4 Rxc4 24. Qd2 Qc5 25. Kh1 Qxd4 26. Qg5 Qc5 27. Qh4
Rc1 28. Qf2 0-1

[Event "9eme Open International de La Fere"]
[Site "La Fere (FRA)"]
[Date "2010.??.??"]
[Round "9.49"]
[White "Sogny, Richard"]
[Black "Duquenne, Eddy"]
[Result "1-0"]
[WhiteElo "1640"]
[BlackElo "1520"]
[PlyCount "87"]
[EventDate "2010.??.??"]

1. d4 d5 2. c4 c6 3. Nf3 Nf6 4. Nc3 e6 5. c5 Nbd7 6. Bg5 g6 7. e3 h6 8. Bh4 Bg7
9. h3 g5 10. Bg3 Ne4 11. Bh2 Qe7 12. Bd3 f5 13. O-O Bf6 14. Bc2 h5 15. Nxe4
fxe4 16. Nd2 e5 17. Nxe4 dxe4 18. Bxe4 Nxc5 19. dxc5 Be6 20. Qd6 Rd8 21. Qxe7+
Kxe7 22. b4 Bd5 23. Bxd5 Rxd5 24. f3 Rd2 25. Rf2 Rhd8 26. Re1 R8d3 27. Kf1 Ke6
28. Rxd2 Rxd2 29. Re2 Rd1+ 30. Kf2 a6 31. Rc2 Rd7 32. Ke2 Rd5 33. a3 Be7 34. e4
Rd8 35. Rd2 g4 36. Rxd8 Bxd8 37. hxg4 hxg4 38. fxg4 b6 39. cxb6 Bxb6 40. g5 Bd8
41. g6 Be7 42. g7 Kf7 43. Bxe5 Bg5 44. Bb2 1-0

[Event "9eme Open International de La Fere"]
[Site "La Fere (FRA)"]
[Date "2010.??.??"]
[Round "9.50"]
[White "Pottier, Philippe"]
[Black "Tawegoum, Ivan"]
[Result "1-0"]
[WhiteElo "1480"]
[BlackElo "1601"]
[PlyCount "110"]
[EventDate "2010.??.??"]

1. f4 d5 2. Nf3 c5 3. e3 Nc6 4. Bb5 Bd7 5. Bxc6 Bxc6 6. Ne5 Nf6 7. Nxc6 bxc6 8.
d3 e6 9. O-O Be7 10. b3 d4 11. e4 Qd7 12. Na3 Qc7 13. Nc4 O-O-O 14. Bd2 h6 15.
Ba5 Qb7 16. Bxd8 Bxd8 17. Ne5 Ba5 18. Nc4 Bc7 19. e5 Nd5 20. Qg4 Rg8 21. Qh5
Bb8 22. f5 exf5 23. Qxf5+ Qd7 24. Qxf7 Qxf7 25. Rxf7 Ne3 26. Nxe3 dxe3 27. Re1
Bxe5 28. Rxa7 Kb8 29. Re7 Bc3 30. R1xe3 Bd4 31. Kf1 Bxe3 32. Rxe3 Kb7 33. Ke2
Kb6 34. Re4 Rf8 35. a3 g5 36. c4 h5 37. b4 cxb4 38. axb4 Ra8 39. h3 Ra2+ 40.
Kf3 Rd2 41. Rd4 g4+ 42. hxg4 hxg4+ 43. Kxg4 Rxg2+ 44. Kf3 Rb2 45. c5+ Kb5 46.
Ke4 Rxb4 47. Rxb4+ Kxb4 48. d4 Kb5 49. Ke5 Ka6 50. Kd6 Kb7 51. Kd7 Kb8 52. Kxc6
Kc8 53. d5 Kd8 54. d6 Kc8 55. Kd5 Kd7 1-0